| Tag |
First Indicator |
Second Indicator |
Subfields |
| LEADER |
00000cam a2200000 a 4500 |
| 001 |
in00000959521 |
| 005 |
20150926133712.0 |
| 007 |
hd afb017baca |
| 007 |
hd bfb017baaa |
| 008 |
871201r19851646miu a 00010 eng d |
| 035 |
|
|
|a (OCoLC)17156351
|
| 035 |
|
|
|9 AEU0796AM
|
| 037 |
|
|
|a CL0037000058
|b University Microfilms International
|
| 037 |
|
|
|b University Microfilms International, 300 N. Zeeb Rd., Ann Arbor, MI 48106
|
| 040 |
|
|
|a EAK
|c EAK
|d UtOrBLW
|
| 043 |
|
|
|a e-uk-en
|
| 045 |
2 |
|
|b d1642
|b d1649
|
| 049 |
|
|
|a TXAI
|
| 090 |
|
|
|a JN925
|b .L37
|
| 099 |
|
|
|a film
|a B
|a 3609
|
| 100 |
1 |
|
|a Larner, William.
|
| 245 |
1 |
2 |
|a A vindication of every free-man libertie against all arbitrary power and government, or, A letter of William Larner, prisoner, to Sir Henry Vane, Junior, a parliamentarian :
|b wherein is set forth his unjust imprisonment and cruell hard dealings towards the said William Larner.
|
| 264 |
|
1 |
|a [London] :
|b [publisher not identified],
|c [1646]
|
| 300 |
|
|
|a 4 pages
|
| 336 |
|
|
|a text
|b txt
|2 rdacontent
|
| 337 |
|
|
|a microform
|b h
|2 rdamedia
|
| 338 |
|
|
|a microfilm reel
|b hd
|2 rdacarrier
|
| 500 |
|
|
|a Caption title.
|
| 500 |
|
|
|a Imprint suggested by Wing.
|
| 500 |
|
|
|a Dated on page 4: 3 of June, 1646.
|
| 500 |
|
|
|a Imperfect: stained, with print show-through and slight loss of print.
|
| 500 |
|
|
|a Reproduction of original in the Harvard University Library.
|
| 510 |
4 |
|
|a Wing
|c L445A
|
| 533 |
|
|
|a Microfilm.
|b Ann Arbor, Mich. :
|c University Microfilms International,
|d 1985.
|e 1 microfilm reel ; 35 mm.
|f (Early English books, 1641-1700 : 1618:8)
|
| 500 |
|
|
|a Microform.
|
| 650 |
|
0 |
|a Due process of law
|z England.
|
| 650 |
|
0 |
|a Detention of persons
|z England.
|
| 740 |
2 |
|
|a A letter of William Larner, prisoner, to Sir Henry Vane, Junior, a parliamentarian.
|
| 830 |
|
0 |
|a Early English books, 1641-1700 ;
|v 1618:8.
|
| 999 |
|
|
|a MARS
|
| 999 |
f |
f |
|s 01842a8f-8e9a-3ac6-9eb2-0c46ad60307d
|i f5f35807-f3b4-3f46-b597-8da175237dd1
|t 0
|
| 952 |
f |
f |
|p default
|a Texas A&M University
|b College Station
|c Sterling C. Evans Library
|d Evans: Microforms (3rd floor)
|t 0
|e film B 3609 1618:8
|h Other scheme
|i microform -- microfilm reel
|
| 998 |
f |
f |
|a film B 3609 1618:8
|t 0
|l Evans: Microforms (3rd floor)
|